000
00349nam a22001337a 4500
020
_a
9787516151600
082
_a
320.951 ; NIN
100
_a
Fang Ning
245
_a
China's Democracy Path
_c
Fang Ning
260
_a
China
_b
Social Sciences Press
_c
2014
300
_a
258p
942
_2
ddc
_c
BK
999
_c
587883
_d
587883